| 000 | 00349pab a2200145 454500 | ||
|---|---|---|---|
| 008 | 180718b1988 xxu||||| |||| 00| 0 eng d | ||
| 100 | _aPatel, A.R. | ||
| 245 | _aDeveloping North - Eastern Region thro Banking | ||
| 260 | _c1988 | ||
| 300 | _a19-21 | ||
| 362 | _a16 Nov. | ||
| 650 | _aBanks - India - Northeast | ||
| 773 | _aYojana | ||
| 909 | _a4380 | ||
| 999 |
_c4380 _d4380 |
||